| 000 | 00963nam a2200277 i 4500 | ||
|---|---|---|---|
| 001 | 148388 | ||
| 003 | ES-MaACL | ||
| 005 | 20250814015825.0 | ||
| 007 | t| | ||
| 008 | 070214s1935 sp r ||||1| spa d | ||
| 080 | _a58 | ||
| 100 | 1 |
_aStrasburger, E. _9108375 |
|
| 245 | 1 | 0 |
_aTratado de botánica / _cEduardo Strasburger. |
| 250 |
_a18ª ed. _brefundida por los doctores Juan Fitting ... [et al.] ; 2ª ed. española / traducida por el prof. Arturo G. Caballero. |
||
| 260 |
_aBarcelona : _bManuel Marín, _c1935. |
||
| 300 |
_aVIII, 705 p. : _bil. ; _c25 cm. |
||
| 595 | _aEd. refundida por: Juan Fitting, Armando Sierp, Ricardo Harder y Jorge Karsten. | ||
| 650 | 7 |
_aBotánica _2embne _910610 |
|
| 700 | 1 |
_aFitting, Juan. _951063 |
|
| 700 | 1 |
_aSierp, Armando. _9106236 |
|
| 700 | 1 |
_aHarder, Ricardo. _961811 |
|
| 700 | 1 |
_aKarsten, Jorge. _967588 |
|
| 700 | 1 |
_aCaballero, Arturo G. _933071 |
|
| 852 | 4 |
_aES-MaACL _jA-2488 |
|
| 999 |
_c148388 _d148388 |
||